50 größte Agglomerationen, die mit T beginnen - Statistiken

Allgemein
  • Dieses Quiz wurde 30 mal gespielt
  • Das Durchschnittsergebnis liegt bei 16 aus 50
Antwortstatistiken
Einwohner Agglomeration Staat % Korrekt
14.000 Teheran Iran
100%
35.000 Tokyo Japan
100%
7.000 Toronto Kanada
100%
2.700 Tunis Tunesien
96%
9.500 Taipeh Taiwan
93%
1.500 Turin Italien
93%
4.200 Tashkent Usbekistan
89%
1.500 Tiflis Georgien
89%
1.100 Toulouse Frankreich
85%
1.700 Tripolis Libyen
81%
3.000 Tel Aviv-Jaffa Israel
78%
800 Thessaloníki / Saloníki Griechenland
67%
1.500 Tegucigalpa Honduras
59%
11.000 Tientsin China
56%
2.350 Tijuana Mexiko
52%
3.100 Tampa USA
48%
1.400 Tanger Marokko
41%
900 Tucson USA
26%
1.600 Täbris Iran
22%
900 Tjumen Russland
19%
3.000 Taichung Taiwan
15%
1.000 Tainan Taiwan
15%
1.800 Toluca Mexiko
15%
5.500 Taiyuan China
11%
1.350 Torreón Mexiko
11%
1.300 Touba Senegal
11%
1.150 Trujillo Peru
11%
1.600 Tai’an China
7%
800 Ta'if Saudi-Arabien
7%
2.500 Taizhou China [Zhèjiang]
7%
800 Taizhou China [Jiangsu]
7%
1.200 Ta'izz Jemen
7%
2.800 Tangshan China
7%
1.000 Teresina Brasilien
7%
1.300 Thiruvananthapuram / Trivandrum Indien
7%
1.200 Thrissur Indien
7%
1.100 Tiruchirappalli Indien
7%
1.200 Tiruppur Indien
7%
1.100 Tucumán Argentinien
4%
800 Taihe China
0%
750 Tamale Ghana
0%
850 Tampico Mexiko
0%
900 Tanta Ägypten
0%
1.700 Tasikmalaya Indonesien
0%
1.300 Tegal Indonesien
0%
1.100 Tengzhou China
0%
850 Tianshui China
0%
1.000 Tongxiang China
0%
1.500 Tscheljabinsk Russland
0%
1.200 Tshikapa DR Kongo
0%
Keine übereinstimmenden Quizze gefunden
Verteilung der Resultate
Anzahl Personen mit jedem Resultat
Perzentil nach korrekt beantworteten Fragen
Ihre Resultats-Entwicklung
Sie haben dieses Quiz noch nicht gespielt